000 01331nam a2200337Ia 4500
001 ebr10135609
003 CaPaEBR
006 m u
007 cr cn|||||||||
008 050209s2005 nyua sb 001 0beng d
010 _z 2005043186
020 _z1403981094
020 _z1403964785
040 _aCaPaEBR
_cCaPaEBR
035 _a(OCoLC)560466310
050 1 4 _aHX843.7.T73
_bP47 2005eb
082 0 4 _a335/.83/092
_aB
_222
100 1 _aPernicone, Nunzio,
_d1940-
245 1 0 _aCarlo Tresca
_h[electronic resource] :
_bportrait of a rebel /
_cNunzio Pernicone.
260 _aNew York :
_bPalgrave Macmillan,
_cc2005.
300 _aviii, 367 p. :
_bill.
490 1 _aItalian and Italian American studies
504 _aIncludes bibliographical references and index.
533 _aElectronic reproduction.
_bPalo Alto, Calif. :
_cebrary,
_d2009.
_nAvailable via World Wide Web.
_nAccess may be limited to ebrary affiliated libraries.
600 1 0 _aTresca, Carlo,
_d1879-1943.
650 0 _aAnarchists
_zUnited States
_vBiography.
655 7 _aElectronic books.
_2local
710 2 _aebrary, Inc.
830 0 _aItalian and Italian American studies (Palgrave Macmillan (Firm))
856 4 0 _uhttp://site.ebrary.com/lib/rucke/Doc?id=10135609
_zAn electronic book accessible through the World Wide Web; click to view
999 _c87527
_d87527